| Tag |
First Indicator |
Second Indicator |
Subfields |
| LEADER |
00000cam a2200000 a 4500 |
| 001 |
in00000390421 |
| 005 |
20151011103203.0 |
| 008 |
760525s1973 ne af b f00010 eng d |
| 020 |
|
|
|a 9022004228
|
| 035 |
|
|
|a (OCoLC)02192896
|
| 035 |
|
|
|9 ABR2876AM
|
| 040 |
|
|
|a AZS
|c AZS
|d TXA
|d UtOrBLW
|
| 049 |
|
|
|a TXAM
|c [1072358]
|
| 090 |
|
|
|a S239
|b .A37 no.786
|
| 100 |
1 |
|
|a Bessems, E. P. M.
|
| 245 |
1 |
0 |
|a Nitrogen fixation in the phyllosphere of Gramineae /
|c E.P.M. Bessems.
|
| 264 |
|
1 |
|a Wageningen :
|b Centre for Agricultural Publishing and Documentation,
|c 1973.
|
| 300 |
|
|
|a 68 pages, 2 unnumbered pages of plates :
|b illustrations ;
|c 24 cm.
|
| 336 |
|
|
|a text
|b txt
|2 rdacontent
|
| 337 |
|
|
|a unmediated
|b n
|2 rdamedia
|
| 338 |
|
|
|a volume
|b nc
|2 rdacarrier
|
| 490 |
1 |
|
|a Agricultural research reports ;
|v 786
|
| 500 |
|
|
|a Originally presented as the author's thesis (Wageningen)
|
| 504 |
|
|
|a Bibliography: pages 65-68.
|
| 650 |
|
0 |
|a Nitrogen
|x Fixation.
|
| 650 |
|
0 |
|a Nitrogen-fixing microorganisms.
|
| 830 |
|
0 |
|a Verslagen van landbouwkundige onderzoekingen ;
|v 786.
|
| 999 |
|
|
|a MARS
|
| 999 |
f |
f |
|s 3445c81f-7ac9-352b-824d-325ebbadaa09
|i 0a1ab7dc-5caf-33b5-8bdc-a815a00f8171
|t 0
|
| 952 |
f |
f |
|p ric
|a Texas A&M University
|b Rellis Campus
|c Joint Library Facility
|d Remote Storage
|t 0
|e S239 .A37 no.786
|h Library of Congress classification
|i unmediated -- volume
|m A14807610340
|
| 998 |
f |
f |
|a S239 .A37 no.786
|t 0
|l Remote Storage
|